Composants électronique - Mort subite - Statistiques

Statistiques générales
  • Ce quiz a été pris 235 fois
  • Le résultat moyen est 5 sur 11
Answers on the Grid
Answers color-coded by a green-red scale on the quiz's grid according to % correct below.
Résistance
Mosfet
Visse
AOP
ERM
Capacité
Roue
Inductance
Diode
Potentiomètre
Voltmètre
Résistance CTN
Ampèremètre
Zelvion
Supercondensateurs
Plinou
Transistor
LED
Transformer
Kornilux
 
Statistiques - réponses
Réponse % Correct
LED
70%
Diode
66%
Transistor
65%
Résistance
58%
Résistance CTN
46%
Supercondensateurs
45%
Inductance
39%
Potentiomètre
39%
Mosfet
38%
AOP
34%
Capacité
29%
Aucun quiz correspondant
Distribution des résultats
% des personnes avec chaque résultat
Percentile par nombre de réponses
Votre historique - résultats
Vous n’avez pas pris ce quiz